000 00547nam a2200229 a 4500
001 nice12345678
003 IN_TiNIC
005 20260116013344.0
008 050524s1999 dela grp 000 0 eng
020 _a
_c300
082 0 0 _a181.07
_bKHA6
100 _aKhan, Shafique Ali
245 _aFredom of Thought and Islam
260 _aDelhi
_bAdam Publishers
_c1999
300 _a368p
500 _aincludes index and biblioraphy
505 2 _aIndex
700 1 _aKhan, Shafique Ali
902 _bSRS
942 _cBK
999 _c10680
_d10680